000 00469cam a2200193 4500
001 D8928
008 090401t1979 xxu||||| |||| 00| 0 eng d
035 _a(Sirsi) u16216
041 _aeng
050 _a692.5
110 _aDavisBelfield and Everest
_93167
245 _aSpon`s architects` and builders` price book 1980
250 _a150th
260 _aLondon
_bSpon
_c1979
300 _axviii. 536p. 21cm
350 _a8.25
942 _n0
948 _c04/03/1997
999 _c87399
_d87399